000 00741nam a2200229 u 4500
005 20251106063910.0
008 070827s1991 mx r 000 0 spa d
020 _a9684034997
035 _aUPN01000151450
049 _aI
050 4 _aN350
_bR4.3
100 1 _aReid, Barbara,
_d1957-
245 1 0 _aA jugar con plastilina /
_cBarbara Reid ; tr. Susana Liberti.
260 _aMéxico :
_bSelector,
_cc1991.
300 _a142 p. :
_bil.
500 _a"Despierta al artista plástico que llevas dentro de ti"
534 _pTraducción de:
_tPlaying with plasticine
650 2 _aModelado
_98208
650 4 _aArte
_xEstudio y enseñanza (Elemental)
_92642
650 4 _aARTESANIAS -
_vMANUALES PARA AFICIONADOS
_92071
905 _aInfantil
999 _c123586
_d123586